000 00389nam a22001457a 4500
020 _a 978-1-119-01698-4
082 _a657.458
100 _aMoeller, Robert
245 _aBrink's Modern Internal Auditing:
_bA Common Body of Knowledge
250 _a8th
260 _aHoboken:
_bJohn Wiley & Sons,
_c2016
300 _axxii, 810p.:
_bill.; 27cm
500 _aInclude Index
942 _cBK
999 _c22085
_d22085